Habitat dirrerences in sexual production by two co-existent ants (Registro nro. 13691)

Detalles MARC
000 -CABECERA
Campo de control 003110000a22001090004500
090 ## - CLASIFICACIÓN LOCAL
Colección AR
Consecutivo 04591
041 0# - IDIOMA
Código de idioma para texto/pista de sonido o título separado
100 1# - ASIENTO PRINCIPAL--NOMBRE PERSONAL
Nombre personal Brian, M. V.
245 10 - MENCION DE TITULO
Título Habitat dirrerences in sexual production by two co-existent ants
773 1# - Item fuente:
Título Journal of Animal Ecology
Paginas del Articulo 943-953 p.
Lugar, editorial y fecha de publicación 1979
Información sobre la relación 48
942 ## - ELEMENTOS ADICIONALES (KOHA)
Tipo de ítem Artículo
Existencias
Withdrawn status Lost status Damaged status No para préstamo Colección Ubicación Permanente Ubicación actual Fecha de adquisición Fuente de Valor Datos de publicación Seriada Total Checkouts Número topográfico Inventario / Código de Barras Date last seen Ejemplar Price effective from Forma de adquisición Tipo de material
      No para Préstamo Hemeroteca Bogotá Bogotá 10/03/2010 Escobar Sarria, Federico Fuera de circulación   AR 04591 027942 25/03/2015 1 25/03/2015   Artículo